<?xml version="1.0" encoding="UTF-8"?>
<collection xmlns="http://www.loc.gov/MARC21/slim">
 <record>
  <leader>02640cam a2200493  c4500</leader>
  <controlfield tag="001">1440694117</controlfield>
  <controlfield tag="003">DE-627</controlfield>
  <controlfield tag="005">20230707112858.0</controlfield>
  <controlfield tag="007">tu</controlfield>
  <controlfield tag="008">120905s2012    gw |||||      00| ||ger c</controlfield>
  <datafield tag="015" ind1=" " ind2=" ">
   <subfield code="a">12,N31</subfield>
   <subfield code="2">dnb</subfield>
  </datafield>
  <datafield tag="016" ind1="7" ind2=" ">
   <subfield code="a">1024581667</subfield>
   <subfield code="2">DE-101</subfield>
  </datafield>
  <datafield tag="020" ind1=" " ind2=" ">
   <subfield code="a">9783805345460</subfield>
   <subfield code="c">Gb. : EUR 98.00 (DE), EUR 100.80 (AT), sfr 121.00 (freier Pr.)</subfield>
   <subfield code="9">978-3-8053-4546-0</subfield>
  </datafield>
  <datafield tag="024" ind1="3" ind2=" ">
   <subfield code="a">9783805345460</subfield>
  </datafield>
  <datafield tag="035" ind1=" " ind2=" ">
   <subfield code="a">(DE-627)1440694117</subfield>
  </datafield>
  <datafield tag="035" ind1=" " ind2=" ">
   <subfield code="a">(DE-576)370694112</subfield>
  </datafield>
  <datafield tag="035" ind1=" " ind2=" ">
   <subfield code="a">(DE-599)DNB1024581667</subfield>
  </datafield>
  <datafield tag="035" ind1=" " ind2=" ">
   <subfield code="a">(OCoLC)812341420</subfield>
  </datafield>
  <datafield tag="040" ind1=" " ind2=" ">
   <subfield code="a">DE-627</subfield>
   <subfield code="b">ger</subfield>
   <subfield code="c">DE-627</subfield>
   <subfield code="e">rakwb</subfield>
  </datafield>
  <datafield tag="041" ind1=" " ind2=" ">
   <subfield code="a">ger</subfield>
  </datafield>
  <datafield tag="044" ind1=" " ind2=" ">
   <subfield code="c">XA-DE-HE</subfield>
  </datafield>
  <datafield tag="084" ind1=" " ind2=" ">
   <subfield code="a">9,10</subfield>
   <subfield code="2">ssgn</subfield>
  </datafield>
  <datafield tag="084" ind1=" " ind2=" ">
   <subfield code="a">LK 21480</subfield>
   <subfield code="q">DE-24/20sred</subfield>
   <subfield code="2">rvk</subfield>
   <subfield code="0">(DE-625)rvk/97666:</subfield>
  </datafield>
  <datafield tag="245" ind1="1" ind2="4">
   <subfield code="a">Die Klosterkirche Corvey</subfield>
   <subfield code="n">1,1</subfield>
   <subfield code="p">Geschichte und Archäologie : Text / Sveva Gai; Karl Heinrich Krüger; Bernd Thier. Mit Beitr. von Francesca dell'Acqua ...</subfield>
  </datafield>
  <datafield tag="264" ind1=" " ind2="1">
   <subfield code="a">Darmstadt</subfield>
   <subfield code="b">von Zabern</subfield>
   <subfield code="c">2012</subfield>
  </datafield>
  <datafield tag="300" ind1=" " ind2=" ">
   <subfield code="a">XV, 751 S.</subfield>
  </datafield>
  <datafield tag="336" ind1=" " ind2=" ">
   <subfield code="a">Text</subfield>
   <subfield code="b">txt</subfield>
   <subfield code="2">rdacontent</subfield>
  </datafield>
  <datafield tag="337" ind1=" " ind2=" ">
   <subfield code="a">ohne Hilfsmittel zu benutzen</subfield>
   <subfield code="b">n</subfield>
   <subfield code="2">rdamedia</subfield>
  </datafield>
  <datafield tag="338" ind1=" " ind2=" ">
   <subfield code="a">Band</subfield>
   <subfield code="b">nc</subfield>
   <subfield code="2">rdacarrier</subfield>
  </datafield>
  <datafield tag="490" ind1="1" ind2=" ">
   <subfield code="a">Denkmalpflege und Forschung in Westfalen</subfield>
   <subfield code="v">43,1,1</subfield>
  </datafield>
  <datafield tag="700" ind1="1" ind2=" ">
   <subfield code="a">Gai, Sveva</subfield>
   <subfield code="4">oth</subfield>
  </datafield>
  <datafield tag="700" ind1="1" ind2=" ">
   <subfield code="a">Krüger, Karl Heinrich</subfield>
   <subfield code="0">(DE-627)1231842385</subfield>
   <subfield code="0">(DE-576)161842380</subfield>
   <subfield code="4">oth</subfield>
  </datafield>
  <datafield tag="700" ind1="1" ind2=" ">
   <subfield code="a">Thier, Bernd</subfield>
   <subfield code="d">1965-</subfield>
   <subfield code="0">(DE-588)1027091504</subfield>
   <subfield code="0">(DE-627)728232766</subfield>
   <subfield code="0">(DE-576)372465544</subfield>
   <subfield code="4">oth</subfield>
  </datafield>
  <datafield tag="700" ind1="1" ind2=" ">
   <subfield code="a">Dell'Acqua, Francesca</subfield>
   <subfield code="d">1971-</subfield>
   <subfield code="0">(DE-588)133716880</subfield>
   <subfield code="0">(DE-627)552682608</subfield>
   <subfield code="0">(DE-576)300046642</subfield>
   <subfield code="4">oth</subfield>
  </datafield>
  <datafield tag="773" ind1="1" ind2="8">
   <subfield code="w">(DE-627)1345567901</subfield>
   <subfield code="w">(DE-576)275567907</subfield>
   <subfield code="g">1,1</subfield>
   <subfield code="q">1,1,1</subfield>
   <subfield code="7">nnnm</subfield>
  </datafield>
  <datafield tag="787" ind1="0" ind2="8">
   <subfield code="i">Rezension</subfield>
   <subfield code="a">Untermann, Matthias, 1956 - </subfield>
   <subfield code="t">Sveva Gai/Karl Heinrich Krüger/Bernd Thier, Die Klosterkirche Corvey, 1,1: Geschichte und Archäologie</subfield>
   <subfield code="d">2014</subfield>
   <subfield code="w">(DE-627)1507548028</subfield>
   <subfield code="w">(DE-576)437548023</subfield>
  </datafield>
  <datafield tag="787" ind1="0" ind2="8">
   <subfield code="i">Rezensiert in</subfield>
   <subfield code="a">Küntzel, Thomas, 1971 - </subfield>
   <subfield code="t">[Rezension von: Antonella Sveva Gai, Karl Heinrich Krüger, Bernd Thier, Die Klosterkirche Corvey, Geschichte und Archäologie]</subfield>
   <subfield code="d">2013</subfield>
   <subfield code="w">(DE-627)1745550585</subfield>
  </datafield>
  <datafield tag="830" ind1=" " ind2="0">
   <subfield code="a">Denkmalpflege und Forschung in Westfalen</subfield>
   <subfield code="v">43,1,1</subfield>
   <subfield code="9">43,1,1,text</subfield>
   <subfield code="w">(DE-627)129951021</subfield>
   <subfield code="w">(DE-576)015523136</subfield>
   <subfield code="w">(DE-600)402644-5</subfield>
   <subfield code="x">0175-2839</subfield>
   <subfield code="7">ns</subfield>
  </datafield>
  <datafield tag="856" ind1="4" ind2="2">
   <subfield code="u">http://bvbr.bib-bvb.de:8991/F?func=service&amp;doc_library=BVB01&amp;local_base=BVB01&amp;doc_number=025216910&amp;line_number=0001&amp;func_code=DB_RECORDS&amp;service_type=MEDIA</subfield>
   <subfield code="x">Verlag</subfield>
   <subfield code="3">Inhaltsverzeichnis</subfield>
  </datafield>
  <datafield tag="889" ind1=" " ind2=" ">
   <subfield code="w">(DE-576)451977793</subfield>
  </datafield>
  <datafield tag="936" ind1="r" ind2="v">
   <subfield code="a">LK 21480</subfield>
   <subfield code="b">Corvey</subfield>
   <subfield code="k">Kunst nach Ländern bzw. Kontinenten</subfield>
   <subfield code="k">Deutschland</subfield>
   <subfield code="k">Kunsttopografie Deutschlands</subfield>
   <subfield code="k">Orte Deutschlands</subfield>
   <subfield code="k">Orte C</subfield>
   <subfield code="k">Corvey</subfield>
   <subfield code="0">(DE-627)1271294583</subfield>
   <subfield code="0">(DE-625)rvk/97666:</subfield>
   <subfield code="0">(DE-576)201294583</subfield>
  </datafield>
  <datafield tag="951" ind1=" " ind2=" ">
   <subfield code="a">MV</subfield>
  </datafield>
  <datafield tag="991" ind1=" " ind2=" ">
   <subfield code="a">Rezensiertes Werk</subfield>
  </datafield>
  <datafield tag="999" ind1=" " ind2=" ">
   <subfield code="a">KXP-PPN1440694117</subfield>
   <subfield code="e">4020884447</subfield>
  </datafield>
 </record>
</collection>
